| 000 | 01054nam a22002535i 4500 | ||
|---|---|---|---|
| 001 | 12851 | ||
| 003 | ES-MaACL | ||
| 005 | 20230906150425.0 | ||
| 007 | t| | ||
| 008 | 921008s1992 sp ||||0| spa j | ||
| 020 | _a84-88312-01-6 | ||
| 040 |
_aM-BN _bspa _cM-BN |
||
| 080 | _a860 Valle-Inclán, Ramón del 1.06 | ||
| 100 | 1 |
_aMontells y Galán, José María de. _982449 |
|
| 245 | 1 | 0 |
_aAlgunas referencias heráldicas en la obra de D. Ramón del Valle-Inclán / _c[José María de Montells y Galán]. |
| 260 |
_a[Madrid : _bSociedad Heráldica Española, _c1992] |
||
| 300 |
_a47 p. : _bil. ; _c21 cm. |
||
| 490 | 1 | _aPublicaciones de la Academia Asturiana de Heráldica y Genealogía | |
| 600 | 1 | 4 |
_aValle-Inclán, Ramón del, _d1866-1936- _xCrítica e interpretación _9112800 |
| 710 | 2 |
_aAcademia Asturiana de Heráldica y Genealogía. _91146 |
|
| 830 | 0 |
_aPublicaciones de la Academia Asturiana de Heráldica y Genealogía _9228345 |
|
| 852 |
_aES-MaACL _j2151-F-15 _bR.123701 _q. - Ded. autóg. del autor |
||
| 999 |
_c12851 _d12851 |
||